000 00552cam a22002291 4500
001 sa 64003156
003 DLC
005 20260227112015.0
008 890811s1962 ii 000 0 tamo
010 _asa 64003156
035 _a(OCoLC)20162467
040 _aDLC
_cWaU
_dDLC
042 _apremarc
043 _aa-ii---
050 0 0 _aPL4758.2
_b.K3
100 1 _aKapilan̲, V.
245 1 0 _aKur̲iñcik kur̲amakaḷ.
260 _c[1962]
300 _a88 p.
_c19 cm.
500 _aIn Tamil.
650 0 _aTamil poetry
_xHistory and criticism.
999 _c57740
_d57740